| 000 | 011820000a22002050004500 | ||
|---|---|---|---|
| 020 | _a1-57736-034-6 | ||
| 041 | 0 | _aSPA | |
| 082 | 0 | 4 | _aG 287.1 W513p |
| 100 | 1 | _aWesley, Juan (1703-1791) | |
| 245 | 1 | 0 | _aLas primeras sociedades metodistas / Juan Wesley; Justo L. González, Editor General |
| 260 | _aFranklin, Tennessee : Providence | ||
| 300 | _a395 Pag | ||
| 440 | 0 | _aObras de Wesley | |
| 505 | 0 | 0 | _a- El carácter de un metodista - Los principios de un metodista - Naturaleza, propósitos y normas generales de las Sociedades Unidas - Reglamento de las Sociedades de las Bandas - Consejos al pueblo llamado metodista - El cristianismo moderno manifestado en Wednesbury - Los principios de un metodista, mejor explicados - Una palabra a un metodista - Carta a un clérigo - Razones en contra de la separación de la Iglesia de Inglaterra - Una breve historia del metodismo - El caso de Birstall House - Pensamientos acerca de la consagración de iglesias y cementerios - Más pensamientos sobre la separación de la iglesia |
| 001 | 13540 | ||
| 942 | _cBK | ||
| 999 |
_c42499 _d42499 |
||
| 336 |
_atexto _btxt _2rdacontent |
||
| 337 |
_2rdamedia _asin mediación _bn |
||
| 338 |
_2rdacarrier _avolumen _bnc |
||